000 00648nam a22002057a 4500
003 OSt
005 20250716064246.0
008 250716b |||||||| |||| 00| 0 eng d
020 _a978-981-4598-31-6.
040 _aDWCL - Main lib
_cOC
082 _aCirc. 647.94 W181 2014
100 _aWalker, John R.
245 _aIntroduction to hospitality management/
_cJohn R. Walker
250 _a Fourth edition.
260 _aSingapore :
_bPearson,
_cc2014.
300 _a 708 pages :
_bblack & white, illustrations ;
_c 27cm.
504 _aIncludes index.
700 _aJosielyn T. Walker
942 _2ddc
_cBK-CIRC
_e Fourth edition.
_kCirc.
_n0
999 _c3711
_d3711